[Event "SRB-chT3 West CS"]
[Site "Serbia"]
[Date "2017.10.15"]
[Round "11.54"]
[White "Alempijevic, Andrija"]
[Black "Jokic, Zoran"]
[Result "1-0"]
[WhiteElo "2017"]
[BlackElo "1725"]
[PlyCount "55"]
[EventDate "2017.09.03"]
[EventType "team-tourn"]
[EventRounds "11"]
[EventCountry "SRB"]
[SourceTitle "EXT 2021"]
[Source "ChessBase"]
[SourceDate "2020.10.23"]
[SourceVersion "1"]
[SourceVersionDate "2020.10.23"]
[SourceQuality "1"]

1. c4 e5 2. e3 Nf6 3. d4 exd4 4. exd4 d5 5. Nc3 Be7 6. h3 0-0 7. Bd3 dxc4 8. Bxc4 Bb4 9. Nge2 c6 10. 0-0 Nbd7 11. Bg5 h6 12. Bh4 Nb6 13. Bb3 Be7 14. Re1 Nfd5 15. Bxe7 Nxe7 16. Ng3 Nf5 17. Nxf5 Bxf5 18. Qh5 Qf6 19. d5 Rad8 20. dxc6 Bg6 21. Qg4 bxc6 22. Rad1 Kh7 23. Re3 Rxd1+ 24. Qxd1 Rd8 25. Qe2 Rd7 26. Ne4 Qd4 27. Bc2 Nd5 28. Ng5+ 1-0

[Event "SRB-chT3 West CS"]
[Site "Serbia"]
[Date "2017.10.14"]
[Round "10.54"]
[White "Jokic, Zoran"]
[Black "Drcelic, Dejan"]
[Result "1-0"]
[WhiteElo "1725"]
[BlackElo "1834"]
[PlyCount "39"]
[EventDate "2017.09.03"]
[EventType "team-tourn"]
[EventRounds "11"]
[EventCountry "SRB"]
[SourceTitle "EXT 2021"]
[Source "ChessBase"]
[SourceDate "2020.10.23"]
[SourceVersion "1"]
[SourceVersionDate "2020.10.23"]
[SourceQuality "1"]

1. Nf3 d6 2. d4 c6 3. c4 Nd7 4. e4 e5 5. Nc3 Ngf6 6. Be2 Qc7 7. 0-0 g6 8. h3 Bg7 9. Be3 0-0 10. Rc1 Qb6 11. dxe5 Qc7 12. exf6 Bxf6 13. Qd2 Ne5 14. Bg5 Nxf3+ 15. Bxf3 Be5 16. Bf4 Rd8 17. Rfd1 Be6 18. Nd5 Bxd5 19. cxd5 c5 20. Bxe5 1-0